| 000 | 00636nam a2200205 i 4500 | ||
|---|---|---|---|
| 001 | 105414 | ||
| 003 | ES-MaACL | ||
| 007 | t| | ||
| 008 | 060707s1973 fr ||||1| fre d | ||
| 080 | _a330.85 | ||
| 100 | 1 |
_aLatuoche, Serge. _970570 |
|
| 245 | 1 | 0 |
_aEpistémologie et économie _b: essai sur une anthropologie sociale freudo-marxiste / _cSerge Latouche. |
| 260 |
_aParis : _bEditions Anthropos, _c1973. |
||
| 300 |
_a583 p. ; _c22 cm. |
||
| 500 | _aBiblioteca Juan Andrade. | ||
| 650 | 1 | 7 |
_aEconomía _2embne _912006 |
| 650 | 1 | 4 |
_aEconomía marxista. _912033 |
| 852 |
_aES-MaACL _jAND-209 _bR.109529 |
||
| 999 |
_c105414 _d105414 |
||